00456nam a2200133Ia 4500008004100000020001800041050002000059100003000079245012500109250000600234260002300240300001100263650004800274120626s9999 xx 000 0 und d a968-39-0596-X aHF1411 H47 1992 aHernández Torres, Jorge aGuía para iniciarse en la exportación : elabore usted mismo sus planes de exportación / Jorge Hernández Torres a2 aMéxico : Promexa a119 p. a1.MERCADOTECNIA EXTERIOR - MANUALES, ETCÌ